<?xml version="1.0" encoding="UTF-8"?>
<record
    xmlns:xsi="http://www.w3.org/2001/XMLSchema-instance"
    xsi:schemaLocation="http://www.loc.gov/MARC21/slim http://www.loc.gov/standards/marcxml/schema/MARC21slim.xsd"
    xmlns="http://www.loc.gov/MARC21/slim">

  <leader>00447cam0a220015700 4500</leader>
  <controlfield tag="001">tmp15294997</controlfield>
  <controlfield tag="003">UPRA</controlfield>
  <controlfield tag="005">20190826203538.0</controlfield>
  <datafield tag="035" ind1=" " ind2=" ">
    <subfield code="a">(Sirsi) r107274</subfield>
  </datafield>
  <datafield tag="050" ind1=" " ind2=" ">
    <subfield code="a">HQ 734 TRO 1979</subfield>
  </datafield>
  <controlfield tag="008">950728s1979    gw                  eng u</controlfield>
  <datafield tag="100" ind1="1" ind2=" ">
    <subfield code="a">Trobisch, Ingrid Hult.</subfield>
    <subfield code="6">A65057.1</subfield>
  </datafield>
  <datafield tag="245" ind1="1" ind2="0">
    <subfield code="a">On our way rejoicing.</subfield>
  </datafield>
  <datafield tag="260" ind1=" " ind2=" ">
    <subfield code="a">[Kehl/Rhein, Germany] :</subfield>
    <subfield code="b">Editions Trobisch,</subfield>
    <subfield code="c">[1979]</subfield>
  </datafield>
  <datafield tag="650" ind1=" " ind2="0">
    <subfield code="a">Family life education.</subfield>
    <subfield code="6">S2867.1</subfield>
  </datafield>
  <datafield tag="999" ind1=" " ind2=" ">
    <subfield code="c">172779</subfield>
    <subfield code="d">172779</subfield>
  </datafield>
</record>
